<?xml version="1.0" encoding="UTF-8"?>
<record
    xmlns:xsi="http://www.w3.org/2001/XMLSchema-instance"
    xsi:schemaLocation="http://www.loc.gov/MARC21/slim http://www.loc.gov/standards/marcxml/schema/MARC21slim.xsd"
    xmlns="http://www.loc.gov/MARC21/slim">

  <leader>00852nam a2200217Ia 4500</leader>
  <controlfield tag="003">IN-BaIIA</controlfield>
  <controlfield tag="008">211028s9999    xx            000 0 eng d</controlfield>
  <datafield tag="020" ind1=" " ind2=" ">
    <subfield code="a">0-7923-6966-1</subfield>
  </datafield>
  <datafield tag="040" ind1=" " ind2=" ">
    <subfield code="c">IIA Library</subfield>
  </datafield>
  <datafield tag="080" ind1=" " ind2=" ">
    <subfield code="a">523.4(082.2)</subfield>
    <subfield code="b">NEW</subfield>
  </datafield>
  <datafield tag="111" ind1=" " ind2=" ">
    <subfield code="a">Alexander von Humboldt Colloquim</subfield>
    <subfield code="n">5th</subfield>
    <subfield code="c">Badhofgastein, Austria</subfield>
    <subfield code="d">2000 Mar. 19-25</subfield>
    <subfield code="9">25798</subfield>
  </datafield>
  <datafield tag="245" ind1=" " ind2="0">
    <subfield code="a">New developments in the dynamics of planetary systems</subfield>
    <subfield code="b">proceedings of the 5th Alexander von Humboldt Colloquim on Celestial Mechanics held in Badhofgastein, Austria, March 19-25, 2000</subfield>
    <subfield code="c">edited by Rudolf  Dvorak and Jacques Henrard</subfield>
  </datafield>
  <datafield tag="260" ind1=" " ind2=" ">
    <subfield code="a">Dordrecht</subfield>
    <subfield code="b">Kluwer Academic</subfield>
    <subfield code="c">2001</subfield>
  </datafield>
  <datafield tag="300" ind1=" " ind2=" ">
    <subfield code="a">379p.</subfield>
  </datafield>
  <datafield tag="650" ind1=" " ind2=" ">
    <subfield code="a">Astronomy</subfield>
    <subfield code="9">80</subfield>
  </datafield>
  <datafield tag="650" ind1=" " ind2=" ">
    <subfield code="a">Celestial mechanics</subfield>
  </datafield>
  <datafield tag="650" ind1=" " ind2=" ">
    <subfield code="a">Planetary system</subfield>
    <subfield code="9">756</subfield>
  </datafield>
  <datafield tag="700" ind1=" " ind2=" ">
    <subfield code="a">Dvorak, Rudolf, ed.</subfield>
    <subfield code="9">25799</subfield>
  </datafield>
  <datafield tag="700" ind1=" " ind2=" ">
    <subfield code="a">Henrard, Jacques., ed.</subfield>
    <subfield code="9">25800</subfield>
  </datafield>
  <datafield tag="942" ind1=" " ind2=" ">
    <subfield code="c">BK</subfield>
  </datafield>
  <datafield tag="999" ind1=" " ind2=" ">
    <subfield code="c">14525</subfield>
    <subfield code="d">14525</subfield>
  </datafield>
  <datafield tag="952" ind1=" " ind2=" ">
    <subfield code="0">0</subfield>
    <subfield code="1">0</subfield>
    <subfield code="4">0</subfield>
    <subfield code="7">0</subfield>
    <subfield code="a">BAN</subfield>
    <subfield code="b">BAN</subfield>
    <subfield code="c">GEN</subfield>
    <subfield code="d">2002-03-07</subfield>
    <subfield code="e">ANJ   </subfield>
    <subfield code="g">5972.80</subfield>
    <subfield code="l">0</subfield>
    <subfield code="o">523.4(082.2)/ NEW</subfield>
    <subfield code="p">15447</subfield>
    <subfield code="r">2021-11-05</subfield>
    <subfield code="v">5972.80</subfield>
    <subfield code="w">2002-03-07</subfield>
    <subfield code="y">BK</subfield>
    <subfield code="G">Rs. 5972.80  </subfield>
  </datafield>
</record>
